Ryder Cup Teams 2018 - Statistics

General Stats
  • This quiz has been taken 223 times
  • The average score is 15 of 26
Answer Stats
Country Answer % Correct
USA Tiger Woods
86%
England Justin Rose
85%
Spain Sergio Garcia
84%
Italy Francesco Molinari
81%
USA Justin Thomas
81%
USA Jordan Spieth
80%
Sweden Henrik Stenson
74%
Spain John Rahm
74%
USA Dustin Johnson
73%
England Tommy Fleetwood
72%
USA Phil Mickelson
69%
USA Patrick Reed
68%
England Ian Poulter
67%
USA Brooks Koepka
63%
USA (Captain) Jim Furyk
59%
England Tyrrell Hatton
55%
USA Bryson DeChambeau
52%
Sweden Alex Noren
50%
USA Rickie Fowler
47%
USA Bubba Watson
46%
England Paul Casey
46%
Denmark (Captain) Thomas Bjorn
34%
USA Webb Simpson
33%
Denmark Thorbjorn Oleson
21%
Northern Ireland Rory MiIlroy
5%
USA TBC
4%
No matching quizzes found
Score Distribution
Percent of People with Each Score
Percentile by Number Answered
Your Score History
You have not taken this quiz